Распределенные лаги. Проблемы выбора и оценивания модели: пер. с англ.

書目詳細資料
主要作者: Драймз Ф.
總結:В книге излагаются проблемы, возникающие при конструировании и применении моделей распределенных лагов. С помощью этих моделей выражается зависимость изучаемых показателей от значений других показателей-факторов. Такие зависимости используются при моделировании динамических систем с дискретным временем, в том числе при анализе, планировании и прогнозировании взаимосвязанных экономических процессов.
語言:俄语
出版: Москва, Финансы и статистика, 1982
叢編:Математико-статистические методы за рубежом
主題:
格式: 圖書
KOHA link:https://koha.lib.tpu.ru/cgi-bin/koha/opac-detail.pl?biblionumber=307002

MARC

LEADER 00000nam0a2200000 4500
001 307002
005 20231102001941.0
020 |a RU  |b 82-50578 
035 |a (RuTPU)RU\TPU\book\332280 
090 |a 307002 
100 |a 20151014d1982 k y0rusy5003 ca 
101 1 |a rus  |c eng 
102 |a RU 
105 |a y z 001zy 
200 1 |a Распределенные лаги. Проблемы выбора и оценивания модели  |e пер. с англ.  |f Ф. Драймз 
210 |a Москва  |c Финансы и статистика  |d 1982 
215 |a 383 с. 
225 1 |a Математико-статистические методы за рубежом 
305 |a Перевод изд.: Distributed lags / Phoebus I. DhrУmes (San Francisco) 
320 |a Библиогр.: с. 372-378 
320 |a Предметный указатель: с. 379-381 
330 |a В книге излагаются проблемы, возникающие при конструировании и применении моделей распределенных лагов. С помощью этих моделей выражается зависимость изучаемых показателей от значений других показателей-факторов. Такие зависимости используются при моделировании динамических систем с дискретным временем, в том числе при анализе, планировании и прогнозировании взаимосвязанных экономических процессов. 
606 1 |a Экономические системы  |x Моделирование  |2 stltpush  |3 (RuTPU)RU\TPU\subj\37432  |9 58418 
610 1 |a лага 
610 1 |a математические методы 
610 1 |a распределение 
610 1 |a оценивание 
610 1 |a модели 
610 1 |a геометрическая структура 
610 1 |a геометрическая структура 
610 1 |a спектральный анализ 
686 |a Ув6  |v LBC/SL-A  |2 rubbk 
700 1 |a Драймз  |b Ф.  |4 070 
801 0 |a RU  |b RuMRKP  |c 19950704  |g psbo 
801 1 |a RU  |b 63413507  |c 20151014 
801 2 |a RU  |b 63413507  |c 20230220  |g RCR 
942 |c BK